|
|
|
|
| LEADER |
01338nam a2200361Ia 4500 |
| 001 |
EBC282197 |
| 003 |
MiAaPQ |
| 005 |
20200520144314.0 |
| 006 |
m o d | |
| 007 |
cr cn||||||||| |
| 008 |
060623s2006 ja sb 001 0 eng d |
| 010 |
|
|
|z 2006021198
|
| 020 |
|
|
|z 9280811320 (pbk.)
|
| 035 |
|
|
|a (MiAaPQ)EBC282197
|
| 035 |
|
|
|a (Au-PeEL)EBL282197
|
| 035 |
|
|
|a (CaPaEBR)ebr10156079
|
| 035 |
|
|
|a (OCoLC)654604728
|
| 040 |
|
|
|a MiAaPQ
|c MiAaPQ
|d MiAaPQ
|
| 050 |
|
4 |
|a HF1418.7
|b .T723 2006
|
| 082 |
0 |
4 |
|a 382/.9
|2 22
|
| 245 |
0 |
0 |
|a Trade and investment rule-making
|h [electronic resource] :
|b the role of regional and bilateral agreements /
|c edited by Stephen Woolcock.
|
| 260 |
|
|
|a Tokyo, Japan :
|b United Nations University Press,
|c 2006.
|
| 300 |
|
|
|a xvii, 265 p.
|
| 504 |
|
|
|a Includes bibliographical references and index.
|
| 533 |
|
|
|a Electronic reproduction. Ann Arbor, MI : ProQuest, 2015. Available via World Wide Web. Access may be limited to ProQuest affiliated libraries.
|
| 650 |
|
0 |
|a Trade blocs.
|
| 650 |
|
0 |
|a International trade.
|
| 650 |
|
0 |
|a Foreign trade regulation.
|
| 650 |
|
0 |
|a Regional economics.
|
| 655 |
|
4 |
|a Electronic books.
|
| 700 |
1 |
|
|a Woolcock, Stephen.
|
| 710 |
2 |
|
|a ProQuest (Firm)
|
| 856 |
4 |
0 |
|u https://ebookcentral.proquest.com/lib/matrademy/detail.action?docID=282197
|z Click to View
|